[Event "ICS rated blitz match"]
[Site "207.99.83.227"]
[Date "1999.04.09"]
[Round "?"]
[White "Hossa"]
[Black "vitsi"]
[Result "1-0"]
[WhiteElo "2437"]
[BlackElo "2090"]
[PlyCount "45"]

1. e4 d5 2. exd5 c6 3. dxc6 Nxc6 4. Nf3 e5 5. Bb5 Bd6 6. Bxc6+ bxc6 7. d4 e4 8.
Qe2 f5 9. O-O Nf6 10. Ne5 O-O 11. Qc4+ Kh8 12. Nf7+ Rxf7 13. Qxf7 Ba6 14. Re1
Bxh2+ 15. Kxh2 Ng4+ 16. Kh3 Nxf2+ 17. Kg3 Qxd4 18. Qxf5 Nd1 19. Rxe4 Qg1 20.
Qf7 h5 21. Qxh5+ Kg8 22. Qf5 Bf1 23. Qe6+ {vitsi resigns} 1-0

[Event "ICS rated blitz match"]
[Site "207.99.83.227"]
[Date "1999.04.09"]
[Round "?"]
[White "lkd"]
[Black "Hossa"]
[Result "1-0"]
[WhiteElo "2197"]
[BlackElo "2445"]
[Annotator "Crafty v16.6"]
[PlyCount "149"]

{annotating for player Hossa using a scoring margin of +0.10 pawns. search
time limit is 20.00} 1. d4 1... Nf6 2. c4 g6 3. Nc3 Bg7 4. e4 d6 5. f3 O-O 6.
Be3 e5 7. d5 Na6 8. Qd2 Bd7 9. Bd3 Nb4 ({8:-0.29} 9... Nb4 10. Be2 c6 11. a3
Na6 12. Bh6 Bxh6 13. Qxh6 cxd5 14. Nxd5 Nxd5 15. cxd5 $10) ({8:-0.01} 9... c6
10. dxc6 Bxc6 11. Be2 Nc5 12. b4 Ne6 13. Bh6 13... Nd4 $10) 10. Bb1 Nh5 ({
8:-0.32} 10... Nh5 11. Nb5 Na6 12. Nxa7 Qh4+ 13. Qf2 Qxf2+ 14. Kxf2 Nc5 15. Nb5
15... Rfc8 $14) ({8:-0.16} 10... c6 11. dxc6 Nxc6 12. Qxd6 Ne8 13. Qc5 Rc8 14.
Qd5 Qh4+ 15. g3 $10) 11. Nge2 Qh4+ 12. Bf2 Qe7 13. O-O g5 ({8:-0.92} 13... g5
14. Nb5 Na6 15. Nxa7 g4 16. Qe3 gxf3 17. Qxf3 17... Qg5 $16) ({8:-0.56} 13...
Na6 14. Nb5 Rfd8 15. Be3 Bxb5 16. cxb5 Nc5 17. Bh6 Bxh6 18. Qxh6 $14) 14. a3
Na6 15. b4 Kh8 ({8:-0.81} 15... Kh8 16. Nb5 b6 17. Be3 Bh6 18. Qd3 f5 19. Bc2
fxe4 20. Qxe4 $16) ({8:-0.48} 15... g4 16. fxg4 Bxg4 17. Nb5 b6 18. h3 Bd7 19.
Bc2 19... Rfd8 $14) 16. Bd3 Nb8 ({8:-1.16} 16... Nb8 17. Nb5 Bxb5 18. cxb5 a6
19. bxa6 Nxa6 20. Rac1 Kg8 21. Bc4 $16) ({8:-0.77} 16... g4 17. fxg4 Bxg4 18.
c5 Bf6 19. Bxa6 bxa6 20. c6 Bg5 21. Qd3 $16) 17. c5 Bf6 ({7:-1.13} 17... Bf6
18. Nb5 Bxb5 19. Bxb5 a6 20. cxd6 cxd6 21. Bc4 21... Nd7 $16) ({7:-0.76} 17...
g4 18. fxg4 Bxg4 19. h3 Bc8 20. Be3 Nd7 21. Rf5 $16) 18. Rac1 Ng7 ({8:-1.43} 
18... Ng7 19. Nb5 Bxb5 20. Bxb5 Nh5 21. c6 bxc6 22. dxc6 a6 23. Bd3 $16) ({
8:-0.87} 18... a6 19. Bc4 a5 20. cxd6 cxd6 21. bxa5 Rxa5 22. Rb1 Rc8 23. Rxb7
23... Rxa3 $16) 19. cxd6 cxd6 20. Nb5 Bxb5 21. Bxb5 Rg8 ({9:-1.55} 21... Rg8
22. Rc3 a6 23. Bd3 Nh5 24. Rfc1 Nd7 25. Rc7 25... b6 $18) ({9:-1.42} 21... Nh5
22. Rc3 a6 23. Bd3 Kg8 24. Rfc1 Nd7 25. Rc7 25... b6 $16) 22. Qc3 a6 23. Bd3
Nd7 24. Ng3 Raf8 ({8:-1.49} 24... Raf8 25. Rc2 h5 26. Qc7 h4 27. Ne2 h3 28.
gxh3 $16) ({8:-1.37} 24... Rgb8 25. a4 Kg8 26. Be3 b6 27. Rf2 Rd8 28. Rfc2 $16)
25. a4 Rb8 26. b5 Ra8 ({8:-1.61} 26... Ra8 27. b6 Rgd8 28. a5 Kg8 29. Qc7 Rab8
30. Bc4 $18) ({8:-1.23} 26... axb5 27. Bxb5 Rgd8 28. Qc4 Ra8 29. Rc3 Kg8 30.
Rfc1 30... Ne8 $16) 27. b6 Rab8 28. a5 Rgf8 ({9:-1.60} 28... Rgf8 29. Qc4 h5
30. Be3 Kg8 31. Ne2 Rbd8 32. Qc7 32... Rb8 $18) ({9:-1.45} 28... h5 29. Qd2 h4
30. Ne2 Nh5 31. Bc4 Rgc8 32. Qd3 32... Kg8 $16) 29. Qd2 Rfc8 30. Rc2 Rxc2 31.
Qxc2 Rf8 32. Rc1 Rd8 33. Qc7 Nf8 34. Bc4 Ng6 35. Bb3 Rd7 36. Qc2 Rd8 37. Ba4
Nh4 38. Qc7 Ng6 39. Qxe7 Nxe7 40. Rc7 Rb8 41. Be3 Kg8 42. Nf1 Nh5 43. Nd2 Ng6
44. Nc4 Be7 45. g3 Ng7 46. Kg2 f5 47. Bd7 f4 48. Bf2 fxg3 49. hxg3 Bf8 50. Rc8
Rxc8 51. Bxc8 g4 52. Bxb7 gxf3+ 53. Kxf3 Be7 54. Bxa6 Bd8 55. Bc8 Ne7 56. Bd7
Nxd5 57. exd5 Nh5 58. a6 e4+ 59. Ke2 e3 60. Kxe3 Kg7 61. a7 Bg5+ 62. Kd3 Nf6
63. Bd4 Kf7 64. Bxf6 Kxf6 65. a8=Q Bh4 66. gxh4 Kg7 67. Qd8 h6 68. Qe7+ Kg6 69.
Ke4 h5 70. Qg5+ Kf7 71. Nxd6+ Kf8 72. Qf6+ Kg8 73. Be6+ Kh7 74. Qf7+ Kh6 75.
Nf5# 1-0

[Event "ICS rated blitz match"]
[Site "207.99.83.227"]
[Date "1999.04.09"]
[Round "?"]
[White "vitsi"]
[Black "Hossa"]
[Result "1-0"]
[WhiteElo "2102"]
[BlackElo "2419"]
[Annotator "Crafty v16.6"]
[PlyCount "145"]

{annotating for player Hossa using a scoring margin of +0.10 pawns. search
time limit is 20.00} 1. e4 1... e5 2. Nf3 Nc6 3. Bb5 a6 4. Ba4 Nf6 5. O-O b5 6.
Bb3 Bc5 7. Re1 O-O 8. c3 Bb7 9. h3 Rc8 ({8:-0.03} 9... Rc8 10. d4 exd4 11. e5
Ne8 12. cxd4 Bb4 13. Nc3 $10) ({8:+0.10} 9... Qe7 10. d4 Bb6 11. d5 Na5 12. Bc2
Nc4 13. Qd3 $10) 10. d4 exd4 11. cxd4 Bb4 12. Nc3 Bxc3 ({8:-0.25} 12... Bxc3
13. bxc3 Na5 14. e5 Nxb3 15. axb3 Nd5 16. Qd3 Re8 17. Bg5 $10) ({8:-0.07} 12...
Na5 13. Bc2 c5 14. e5 Bxf3 15. Qxf3 cxd4 16. exf6 dxc3 17. fxg7 Kxg7 18. bxc3
18... Bxc3 $10) 13. bxc3 Ne7 ({9:-0.54} 13... Ne7 14. d5 Ne8 15. Bg5 h6 16. Bh4
Nd6 17. Qd4 17... Re8 $14) ({9:-0.28} 13... Na5 14. Bc2 d6 15. a4 bxa4 16. Rxa4
Nc6 17. Bg5 Ra8 18. Rc4 $10) 14. Bg5 Nxe4 15. Bxe7 Qxe7 16. Nd2 Qh4 ({9:-1.86} 
16... Qh4 17. Nxe4 Bxe4 18. g3 Qxh3 19. Rxe4 Qh6 20. Qg4 Qd6 21. Qf5 $18) ({
9:-0.87} 16... d5 17. f3 Rce8 18. fxe4 dxe4 19. a4 e3 20. axb5 e2 21. Qc2 21...
axb5 $16) 17. Nxe4 Bxe4 18. g3 Qxh3 19. Rxe4 Qh6 20. Qe2 Qc6 21. d5 Qxc3 22.
Re1 c5 23. Kg2 c4 24. Bc2 Qa3 25. Rh1 f5 ({8:-1.09} 25... f5 26. Re7 Qd6 27.
Qe5 Qxe5 28. Rxe5 g6 29. Re7 Rf7 30. Rxf7 Kxf7 31. Rxh7+ $16) ({8:-0.59} 25...
g6 26. Re7 Qd6 27. Qe4 Rfd8 28. Rd1 Rc5 29. Rd4 $14) 26. Reh4 h6 27. Qh5 Qxa2
28. Bxf5 Rf6 ({8:-0.28} 28... Rf6 29. Rf4 Rcf8 30. Bxd7 Rxf4 31. gxf4 Rxf4 32.
Be6+ Kh8 33. Rf1 $10) ({8:+0.52} 28... c3 29. Bxd7 Qxf2+ 30. Kh3 Rc5 31. Be6+
Kh7 32. Re4 Rf3 33. Qe5 33... Kh8 $15) 29. Rf4 Rcf8 30. Bxd7 Rxf4 31. gxf4 Rxf4
32. Be6+ Kf8 33. Rf1 Qc2 34. Qh3 b4 35. Qe3 Qe4+ 36. Qxe4 Rxe4 37. Kf3 Re5 38.
Ra1 Rxe6 39. dxe6 c3 40. Ke3 b3 41. Kd3 c2 42. Kc3 Ke7 43. Kxb3 c1=N+ 44. Rxc1
Kxe6 45. Rc6+ Kf5 46. Rxa6 g6 47. Kc3 h5 48. Kd3 g5 49. Ke3 h4 50. Kf3 g4+ 51.
Kg2 Kf4 52. Ra4+ Kg5 53. f3 gxf3+ 54. Kxf3 h3 55. Kg3 Kf5 56. Kxh3 Ke6 57. Kg3
Kf5 58. Kf3 Ke5 59. Rh4 Kd5 60. Ke3 Ke6 61. Ke4 Kd6 62. Rh5 Ke7 63. Ke5 Kd7 64.
Rh6 Kc7 65. Kd5 Kd7 66. Rh7+ Ke8 67. Kd6 Kf8 68. Ra7 Kg8 69. Ke6 Kf8 70. Rb7
Kg8 71. Kf6 Kh8 72. Kg6 Kg8 73. Rb8# 1-0

[Event "ICS rated blitz match"]
[Site "207.99.83.227"]
[Date "1999.04.10"]
[Round "?"]
[White "Hossa"]
[Black "rjml"]
[Result "1-0"]
[WhiteElo "2391"]
[BlackElo "2020"]
[PlyCount "35"]

1. e4 e5 2. Nf3 Nc6 3. Bc4 Nf6 4. Ng5 d5 5. exd5 b5 6. dxc6 bxc4 7. Qe2 Qd5 8.
f4 Bd6 9. Nc3 Qc5 10. Nf3 O-O 11. fxe5 Bxe5 12. Nxe5 Re8 13. Nd1 Rxe5 14. Ne3
Bg4 15. Qf2 Rae8 16. O-O Qxc6 17. Nxg4 Nxg4 18. Qxf7+ {rjml resigns} 1-0

[Event "ICS rated blitz match"]
[Site "207.99.83.227"]
[Date "1999.04.10"]
[Round "?"]
[White "rjml"]
[Black "Hossa"]
[Result "0-1"]
[WhiteElo "2017"]
[BlackElo "2394"]
[PlyCount "65"]

1. d4 Nf6 2. Nf3 e6 3. c4 Be7 4. Nc3 O-O 5. Bg5 d5 6. e3 Nbd7 7. cxd5 Nxd5 8.
Bxe7 Nxe7 9. Bd3 Nf6 10. O-O Bd7 11. e4 Qe8 12. e5 Nfd5 13. Bxh7+ Kxh7 14. Ng5+
Kh6 15. Qg4 Rd8 16. Nce4 Rh8 17. Rac1 Bb5 18. Rfd1 Nf5 19. a4 Bxa4 20. Rd3 g6
21. Nf6 Qe7 22. Nge4 Bc6 23. Qg5+ Kg7 24. g4 Nb4 25. Rb3 Nxd4 26. Nh5+ Kf8 27.
Qxe7+ Kxe7 28. Rxb4 Ne2+ 29. Kf1 Nxc1 30. Nhf6 a5 31. Rc4 Bb5 32. b3 Nxb3 33.
Nd2 {rjml resigns} 0-1

[Event "ICS rated blitz match"]
[Site "207.99.83.227"]
[Date "1999.04.10"]
[Round "?"]
[White "Hossa"]
[Black "toprod"]
[Result "1-0"]
[WhiteElo "2397"]
[BlackElo "2012"]
[PlyCount "55"]

1. e4 c6 2. Nc3 d5 3. exd5 cxd5 4. Nf3 Nf6 5. Bb5+ Bd7 6. O-O Bxb5 7. Nxb5 a6
8. Nbd4 e6 9. d3 Nc6 10. Nxc6 bxc6 11. c3 Bd6 12. Qa4 Qc7 13. Bg5 Nd7 14. Rae1
O-O 15. Qg4 f5 16. Qh5 Rae8 17. Nd4 Ne5 18. Qh3 c5 19. Ne2 Ng4 20. Ng3 h6 21.
Bd2 Rf7 22. Qh5 Nf6 23. Qg6 Ng4 24. Rxe6 Rxe6 25. Qxe6 Kh7 26. Qxd5 f4 27. Ne4
f3 28. Qxd6 {toprod resigns} 1-0

[Event "ICS rated blitz match"]
[Site "207.99.83.227"]
[Date "1999.04.10"]
[Round "?"]
[White "Hossa"]
[Black "ducy"]
[Result "1-0"]
[WhiteElo "2406"]
[BlackElo "2104"]
[PlyCount "49"]

1. e4 c5 2. Bc4 e6 3. Nc3 Nc6 4. Nf3 Nf6 5. O-O Be7 6. d4 d5 7. exd5 exd5 8.
Bb5 O-O 9. dxc5 Bxc5 10. Bg5 d4 11. Bxf6 Qxf6 12. Ne4 Qe7 13. Nxc5 Qxc5 14.
Bxc6 bxc6 15. Nxd4 Rd8 16. c3 Rb8 17. Qe2 Qb6 18. Rfd1 Ba6 19. Qe7 Re8 20. Qd6
Qxb2 21. Nxc6 Rb7 22. Nd8 Rbe7 23. Qxa6 Qxc3 24. Nc6 Re2 25. Qxe2 {ducy resigns
} 1-0

[Event "ICS rated blitz match"]
[Site "207.99.83.227"]
[Date "1999.04.10"]
[Round "?"]
[White "rjml"]
[Black "Hossa"]
[Result "0-1"]
[WhiteElo "2029"]
[BlackElo "2411"]
[PlyCount "58"]

1. d4 Nf6 2. Nf3 e6 3. c4 Be7 4. Nc3 O-O 5. e4 d5 6. e5 Ne4 7. Be3 Nc6 8. Be2
Bb4 9. Qb3 dxc4 10. Bxc4 Bxc3+ 11. bxc3 Na5 12. Qb4 c5 13. Qa4 Nxc3 14. Qc2
Nxc4 15. Qxc3 Nxe3 16. fxe3 cxd4 17. exd4 b6 18. O-O Bb7 19. Nd2 Rc8 20. Qe3
Bd5 21. Rad1 Bxa2 22. Ne4 Bd5 23. Nf6+ gxf6 24. exf6 Kh8 25. Qh6 Rg8 26. Rf4
Rxg2+ 27. Kf1 Rcc2 28. Rh4 Bc4+ 29. Ke1 29... Rg1# {rjml checkmated} 0-1

[Event "ICS rated blitz match"]
[Site "207.99.83.227"]
[Date "1999.04.10"]
[Round "?"]
[White "Hossa"]
[Black "rjml"]
[Result "1-0"]
[WhiteElo "2414"]
[BlackElo "2026"]
[PlyCount "67"]

1. e4 e5 2. Nf3 Nc6 3. Bb5 Bc5 4. O-O Qf6 5. d3 h6 6. Be3 Bb6 7. Bxb6 axb6 8.
Nc3 Nge7 9. Nd5 Nxd5 10. exd5 Ne7 11. Qe2 Ng6 12. d4 O-O 13. dxe5 Qf4 14. Qc4
Qf5 15. Qxc7 Nf4 16. Qc4 d6 17. Rfe1 Qg4 18. Qf1 Ra5 19. c4 dxe5 20. Nxe5 Qg5
21. Nd3 Bf5 22. Nxf4 Qxf4 23. Re7 Rfa8 24. a3 R5a7 25. Rae1 Qg5 26. Re8+ Rxe8
27. Rxe8+ Kh7 28. Qe1 Bh3 29. Qe4+ f5 30. f4 Qg6 31. Qe2 Bg4 32. Qe6 Qh5 33.
Qg8+ Kg6 34. Re6# {rjml checkmated} 1-0

[Event "ICS rated blitz match"]
[Site "207.99.83.227"]
[Date "1999.04.10"]
[Round "?"]
[White "rjml"]
[Black "Hossa"]
[Result "0-1"]
[WhiteElo "2023"]
[BlackElo "2417"]
[PlyCount "86"]

1. d4 Nf6 2. Nf3 e6 3. c4 Be7 4. Nc3 O-O 5. e4 d5 6. cxd5 exd5 7. e5 Ne4 8. Bd3
Bb4 9. Qc2 Bf5 10. O-O Bxc3 11. bxc3 Nc6 12. a4 Re8 13. Ba3 Rc8 14. Rfe1 Na5
15. Nd2 Rb8 16. Nxe4 Bxe4 17. Bxe4 dxe4 18. Rxe4 Nc4 19. Qe2 Qd5 20. Rh4 Re6
21. Qe4 Qxe4 22. Rxe4 Ree8 23. f4 Rbd8 24. f5 b6 25. Bc1 c5 26. Bg5 f6 27. Bh4
Rd5 28. Rae1 fxe5 29. dxe5 Rdxe5 30. Rxe5 Rxe5 31. Rxe5 Nxe5 32. Bg3 Nc4 33.
Bb8 a6 34. Bc7 b5 35. axb5 axb5 36. Kf2 b4 37. cxb4 cxb4 38. Ke2 b3 39. Kd3 Ne3
40. g3 b2 41. Kxe3 b1=Q 42. Kf4 Qc1+ 43. Kg4 43... Qxc7 {rjml resigns} 0-1

[Event "ICS rated blitz match"]
[Site "207.99.83.227"]
[Date "1999.04.10"]
[Round "?"]
[White "totoff"]
[Black "Hossa"]
[Result "0-1"]
[WhiteElo "2108"]
[BlackElo "2420"]
[PlyCount "54"]

1. e4 d6 2. d4 Nf6 3. Nc3 g6 4. Be2 Bg7 5. h4 Nc6 6. Be3 e5 7. d5 Ne7 8. h5
gxh5 9. Bxh5 Rg8 10. g4 h6 11. f3 c6 12. dxc6 bxc6 13. Qd2 Rh8 14. O-O-O d5 15.
Bc5 Be6 16. Na4 dxe4 17. Qe2 Qa5 18. b3 Ned5 19. c4 Nf4 20. Qb2 Nd3+ 21. Rxd3
exd3 22. Qxe5 d2+ 23. Kd1 O-O-O 24. Ne2 Bxc4 25. g5 Nxh5 26. Qe4 Bxe2+ 27. Kxe2
27... Ng3+ {totoff resigns} 0-1

[Event "ICS rated blitz match"]
[Site "207.99.83.227"]
[Date "1999.04.10"]
[Round "?"]
[White "Hossa"]
[Black "lkd"]
[Result "1-0"]
[WhiteElo "2425"]
[BlackElo "2223"]
[PlyCount "87"]

1. e4 c6 2. Nc3 d5 3. exd5 cxd5 4. Nf3 Nc6 5. Bb5 Nf6 6. Ne5 Qc7 7. d4 Bf5 8.
Bg5 e6 9. Bxc6+ bxc6 10. O-O Bd6 11. Bxf6 gxf6 12. Nf3 Bg4 13. h3 Bh5 14. Qd3
O-O 15. Rad1 Kh8 16. Rb1 Rg8 17. Rbe1 Rg7 18. Nh4 Rag8 19. Kh1 Bf4 20. Ne2 Bxe2
21. Rxe2 f5 22. Rg1 c5 23. dxc5 Qxc5 24. Nf3 Qc7 25. c3 Bd6 26. Ree1 Qb8 27.
Qd2 Qb6 28. b3 Qb8 29. Qh6 Bf4 30. Qh4 Qc7 31. Rd1 Rg6 32. g3 Bd6 33. Qd4+ f6
34. Nh4 Rh6 35. Qe3 f4 36. Qxe6 fxg3 37. Rxd5 Be5 38. Nf3 Qxc3 39. Nxe5 fxe5
40. Qxh6 Qf3+ 41. Rg2 gxf2 42. Qg7+ Rxg7 43. Rd8+ Rg8 44. Rdxg8# {
lkd checkmated} 1-0

[Event "ICS Rated blitz match"]
[Site "207.99.83.227"]
[Date "1999.04.10"]
[Round "?"]
[White "Hossa"]
[Black "ColonialPast"]
[Result "1-0"]
[WhiteElo "2433"]
[BlackElo "2199"]
[PlyCount "55"]

1. e4 c6 2. Nc3 d5 3. exd5 cxd5 4. Nf3 Nf6 5. Bb5+ Bd7 6. O-O e6 7. Re1 a6 8.
Be2 Bd6 9. d3 h6 10. Be3 Qc7 11. Bd4 Nc6 12. Bxf6 gxf6 13. d4 O-O-O 14. Qd3
Rdg8 15. Rac1 Rg7 16. Nd1 Rhg8 17. Bf1 Kb8 18. c4 dxc4 19. Qxc4 Qa5 20. Nc3 Bf4
21. Rcd1 Qb4 22. b3 f5 23. d5 Qxc4 24. bxc4 Nb4 25. Re2 Bc8 26. a3 a5 27. axb4
axb4 28. Nb5 {ColonialPast resigns} 1-0

[Event "ICS rated blitz match"]
[Site "207.99.83.227"]
[Date "1999.04.10"]
[Round "?"]
[White "ColonialPast"]
[Black "Hossa"]
[Result "1/2-1/2"]
[WhiteElo "2192"]
[BlackElo "2440"]
[PlyCount "166"]

1. e4 c5 2. Nf3 Nc6 3. d4 cxd4 4. Nxd4 Qb6 5. Nxc6 Qxc6 6. Bd3 Nf6 7. Nc3 e5 8.
O-O Bb4 9. Bd2 Bxc3 10. Bxc3 d6 11. Qe2 O-O 12. Kh1 Be6 13. Bb4 Rfc8 14. b3 d5
15. exd5 Bxd5 16. f3 Qb6 17. Ba3 Re8 18. c4 Bc6 19. Be4 Bxe4 20. fxe4 Rad8 21.
Bb2 Qa5 22. Qe3 Qd2 23. Bc1 Qd3 24. Qxd3 Rxd3 25. Re1 Nxe4 26. Bb2 Rd2 27. Bc1
Rd6 28. Bb2 Nf2+ 29. Kg1 Nd3 30. Re2 Nxb2 31. Rxb2 Red8 32. Rc1 Rd2 33. Rcc2
Rxc2 34. Rxc2 f5 35. c5 e4 36. Kf2 Rd3 37. b4 Rd1 38. b5 Rd7 39. h4 Rc7 40. Ke3
h5 41. Kf4 g6 42. Ke5 Rc8 43. Kf6 Kh7 44. c6 bxc6 45. bxc6 Rc7 46. Ke5 e3 47.
Kd6 Rc8 48. Kd7 Rf8 49. c7 f4 50. c8=Q Rxc8 51. Kxc8 a5 52. Kd7 g5 53. hxg5 Kg6
54. Ke6 h4 55. Ke5 Kxg5 56. Ke4 Kg4 57. Rb2 a4 58. Rc2 a3 59. Re2 Kg3 60. Rc2
Kg4 61. Kd3 h3 62. gxh3+ Kxh3 63. Re2 Kg4 64. Rxe3 fxe3 65. Kxe3 Kh4 66. Kd3
Kh5 67. Kc3 Kh6 68. Kb3 Kg7 69. Kxa3 Kf8 70. Kb4 Ke8 71. Kb5 Kd8 72. Kb6 Kc8
73. Ka7 Kc7 74. a3 Kc8 75. Kb6 Kb8 76. a4 Kc8 77. a5 Kb8 78. Ka6 Kc8 79. Ka7
Kc7 80. Ka8 Kc8 81. Ka7 Kc7 82. Ka6 Kc8 83. Ka7 83... Kc7 {
Game drawn by repetition} 1/2-1/2

[Event "ICS rated blitz match"]
[Site "207.99.83.227"]
[Date "1999.04.10"]
[Round "?"]
[White "Hossa"]
[Black "SSM"]
[Result "1-0"]
[WhiteElo "2430"]
[BlackElo "2368"]
[PlyCount "61"]

1. e4 e5 2. Nf3 Nf6 3. Nc3 Bb4 4. Nxe5 O-O 5. d3 d5 6. exd5 Nxd5 7. Bd2 Bxc3 8.
bxc3 Re8 9. f4 f6 10. Qh5 fxe5 11. fxe5 Nf6 12. Qg5 Ng4 13. Qxd8 Rxd8 14. d4
Bf5 15. h3 Nh6 16. Bc4+ Kh8 17. Bxh6 gxh6 18. Rc1 Nc6 19. O-O Rf8 20. Bd5 Rad8
21. Bxc6 bxc6 22. a3 Be4 23. Rfe1 Bd5 24. Rf1 Kg7 25. Rxf8 Rxf8 26. Rb1 Bc4 27.
Rb7 Rf1+ 28. Kh2 Bd5 29. c4 Bxc4 30. Rxc7+ Kg6 31. Rxc6+ {SSM resigns} 1-0

[Event "ICS Rated blitz match"]
[Site "207.99.83.227"]
[Date "1999.04.10"]
[Round "?"]
[White "Hossa"]
[Black "BigOleg"]
[Result "1-0"]
[WhiteElo "2443"]
[BlackElo "2391"]
[PlyCount "69"]

1. e4 e6 2. Nf3 d5 3. exd5 exd5 4. Bb5+ Bd7 5. Bxd7+ Nxd7 6. O-O Bd6 7. Nc3 c6
8. d3 Ne7 9. Bg5 O-O 10. Rc1 Re8 11. Re1 Nf8 12. Nd4 Qc7 13. Qh5 Nfg6 14. b3
Be5 15. Nce2 a6 16. b4 Qd7 17. Be3 a5 18. Nf3 Bd6 19. bxa5 Rxa5 20. Ra1 Rea8
21. Ned4 Rxa2 22. Rab1 h6 23. c3 Bf4 24. Bxf4 Nxf4 25. Ne5 Nxh5 26. Nxd7 Ng6
27. Rxb7 Nhf4 28. Nxc6 Nxd3 29. Reb1 Ngf4 30. Rb8+ Rxb8 31. Rxb8+ Kh7 32. Nf8+
Kg8 33. Ne7+ Kh8 34. Nfg6+ Kh7 35. Rh8# {BigOleg checkmated} 1-0

[Event "ICS rated blitz match"]
[Site "207.99.83.227"]
[Date "1999.04.10"]
[Round "?"]
[White "ColonialPast"]
[Black "Hossa"]
[Result "0-1"]
[WhiteElo "2202"]
[BlackElo "2457"]
[PlyCount "38"]

1. e4 c5 2. Nf3 Nc6 3. d4 cxd4 4. Nxd4 Qb6 5. Nxc6 Qxc6 6. Bd3 Nf6 7. Nc3 e5 8.
O-O Bb4 9. Bd2 Bxc3 10. Bxc3 d6 11. Qe2 O-O 12. f4 Bg4 13. Qe3 Rfe8 14. h3 Bd7
15. fxe5 dxe5 16. g4 Bxg4 17. hxg4 Nxg4 18. Qf3 Qb6+ 19. Kh1 19... Qh6+ {
ColonialPast resigns} 0-1

[Event "ICS rated blitz match"]
[Site "207.99.83.227"]
[Date "1999.04.10"]
[Round "?"]
[White "Hossa"]
[Black "Koala"]
[Result "1-0"]
[WhiteElo "2463"]
[BlackElo "2324"]
[PlyCount "24"]

1. e4 c5 2. Bc4 e6 3. Nc3 Nc6 4. Nf3 Nf6 5. O-O d5 6. exd5 Nxd5 7. Bxd5 exd5 8.
d4 Be6 9. Re1 Be7 10. dxc5 Bxc5 11. Bg5 Qd7 12. Qxd5 12... O-O {Koala resigns}
1-0

[Event "ICS rated blitz match"]
[Site "207.99.83.227"]
[Date "1999.04.10"]
[Round "?"]
[White "Hossa"]
[Black "Malanga"]
[Result "1-0"]
[WhiteElo "2476"]
[BlackElo "2098"]
[PlyCount "79"]

1. e4 e5 2. Nf3 Nc6 3. Bb5 Nf6 4. O-O Nxe4 5. Re1 Nd6 6. Bxc6 dxc6 7. Nxe5 Be7
8. Qe2 O-O 9. Nxc6 bxc6 10. Qxe7 Be6 11. Qxd8 Raxd8 12. d3 Nf5 13. Be3 a6 14.
Bc5 Rfe8 15. Nc3 Nd4 16. Bxd4 Rxd4 17. Re4 c5 18. Rae1 Kf8 19. Re5 c4 20. R5e4
Rxe4 21. dxe4 Rd8 22. f4 Rd2 23. f5 Bc8 24. Rd1 Rxd1+ 25. Nxd1 Bb7 26. Nc3 Ke7
27. a4 Kd6 28. Kf2 Kc5 29. g4 Kd4 30. Kf3 f6 31. Kf4 Bc6 32. h3 g5+ 33. fxg6
hxg6 34. h4 Be8 35. a5 Bf7 36. Na4 Be6 37. c3+ Kd3 38. Nc5+ Kc2 39. Nxe6 Kxb2
40. h5 {Malanga resigns} 1-0

[Event "ICS Rated blitz match"]
[Site "207.99.83.227"]
[Date "1999.04.10"]
[Round "?"]
[White "Loxnessi"]
[Black "Hossa"]
[Result "1-0"]
[WhiteElo "2399"]
[BlackElo "2455"]
[Annotator "Crafty v16.6"]
[PlyCount "161"]

{annotating for player Hossa using a scoring margin of +0.10 pawns. search
time limit is 20.00} 1. e4 1... c5 2. c3 e5 3. Bc4 Nf6 4. d3 Be7 5. Nf3 d6 6.
O-O O-O 7. Bg5 Bg4 8. Bxf6 Bxf6 9. Bd5 Nc6 10. h3 Be6 ({10:-0.59} 10... Be6 11.
Bxe6 fxe6 12. c4 Rc8 13. Nc3 Nd4 14. Nxd4 cxd4 15. Nb5 a6 16. Na3 $14) ({
10:-0.20} 10... Bxf3 11. Qxf3 Ne7 12. Bb3 Rb8 13. a4 Nc6 14. c4 Nd4 15. Qd1
15... Bh4 $10) 11. Nbd2 Bxd5 12. exd5 Ne7 13. c4 Nf5 14. Ne4 Qe7 15. Nxf6+ Qxf6
16. Re1 Rae8 17. Rb1 Qg6 ({9:-0.28} 17... Qg6 18. Re4 Qf6 19. Qd2 Nd4 20. Nxd4
cxd4 21. Rbe1 Qf5 22. b4 $10) ({9:-0.15} 17... a6 18. Nd2 Nd4 19. Qh5 Rd8 20.
Ne4 Qf4 21. Qg5 Rfe8 22. Qxf4 22... exf4 $10) 18. b4 cxb4 19. Rxb4 b6 20. a4
Qh6 21. a5 bxa5 22. Ra4 Re7 23. Rxa5 Rc8 24. Qa1 Ra8 25. Ra6 Qh5 ({9:-0.76} 
25... Qh5 26. c5 dxc5 27. Rxe5 Kf8 28. Rxe7 Nxe7 29. d6 Nf5 30. d7 Rd8 31. Rxa7
$16) ({9:-0.11} 25... f6 26. Qd1 Rd8 27. Re4 Rc8 28. Qa1 Rcc7 29. Qe1 29... Rc5
$10) 26. Qa4 Rc7 ({8:-0.72} 26... Rc7 27. Qd1 Re8 28. g4 Qg6 29. Nxe5 Qg5 30.
Qf3 $16) ({8:-0.20} 26... f6 27. Nd2 Nh4 28. Ne4 Qg6 29. Ng3 Rd8 30. Qd1 $10)
27. Rc6 Rb7 ({9:-1.09} 27... Rb7 28. d4 Nh4 29. Nxh4 Qxh4 30. dxe5 dxe5 31. Qc2
Qf4 32. Re4 32... Qf5 $16) ({9:-0.28} 27... Re7 28. c5 dxc5 29. d6 Ree8 30. d7
Red8 31. Nxe5 f6 32. Qc4+ 32... Kh8 $10) 28. Qa6 Rbb8 29. Rc7 Rf8 30. Rxa7 Rxa7
({9:-1.37} 30... Rxa7 31. Qxa7 Nh4 32. Nxh4 Qxh4 33. Qc7 Rd8 34. c5 dxc5 35.
Qxe5 35... h5 $16) ({9:-1.16} 30... Rac8 31. Qa2 Nh4 32. Nxh4 Qxh4 33. Qe2 Ra8
34. Rxa8 Rxa8 35. c5 Ra5 36. cxd6 36... Rxd5 $16) 31. Qxa7 Qh6 32. c5 dxc5 33.
Qxc5 f6 34. d6 Qf4 35. d7 Rd8 36. Qc8 Rf8 37. Qxf8+ Kxf8 38. d8=Q+ Kf7 39. Rb1
Kg6 40. Qe8+ Kh6 41. Qb5 Nh4 42. Nxh4 Qxh4 43. Qc4 Qh5 44. Qg4 Qxg4 45. hxg4
Kg5 46. f3 h5 47. Kf2 hxg4 48. fxg4 Kxg4 49. Rb7 g6 50. Rf7 Kf5 51. Kf3 Ke6 52.
Rf8 Ke7 53. Ra8 Ke6 54. g4 Kf7 55. Ra6 Kg7 56. Ke4 Kf7 57. g5 fxg5 58. Kxe5 g4
59. d4 g3 60. Ra1 g2 61. Rg1 Kg7 62. Rxg2 Kf7 63. d5 Kg7 64. d6 Kf7 65. Kd5 Kf6
66. Kc6 Kg7 67. Kc7 Kh7 68. d7 Kg7 69. d8=Q Kf7 70. Qg5 Ke6 71. Qxg6+ Kd5 72.
Qd6+ Ke4 73. Rg4+ Kf3 74. Qd4 Ke2 75. Rg2+ Kf3 76. Qg4+ Ke3 77. Re2+ Kd3 78.
Qe4+ Kc3 79. Rc2+ Kb3 80. Qc4+ Ka3 81. Ra2# 1-0

[Event "ICS rated blitz match"]
[Site "207.99.83.227"]
[Date "1999.04.10"]
[Round "?"]
[White "Hossa"]
[Black "blunite"]
[Result "1-0"]
[WhiteElo "2436"]
[BlackElo "2287"]
[PlyCount "61"]

1. e4 e5 2. Nf3 Nc6 3. Bc4 Nf6 4. Ng5 Bc5 5. Nxf7 Bxf2+ 6. Kf1 Qe7 7. Nxh8 d5
8. exd5 Nd4 9. d6 cxd6 10. d3 Bg4 11. Qd2 Bh4 12. h3 Be2+ 13. Kg1 Nh5 14. Bd5
O-O-O 15. Nf7 Qf6 16. Qe3 Bg3 17. Nd2 Bf4 18. Qf2 Ng3 19. Nxd8 Bd1 20. Bxb7+
Kxd8 21. Bf3 Bxf3 22. gxf3 Nde2+ 23. Kg2 Qg6 24. Qxa7 Nxh1+ 25. Kf1 Nd4 26. Ne4
Ng3+ 27. Nxg3 Qxg3 28. Qa8+ Kd7 29. Bxf4 exf4 30. Qa7+ Kd8 31. Qxd4 {
blunite resigns} 1-0

[Event "ICS rated blitz match"]
[Site "207.99.83.227"]
[Date "1999.04.10"]
[Round "?"]
[White "blunite"]
[Black "Hossa"]
[Result "1/2-1/2"]
[WhiteElo "2277"]
[BlackElo "2446"]
[PlyCount "84"]

1. e4 d6 2. d4 Nf6 3. Nc3 g6 4. Bc4 Bg7 5. Qe2 Bg4 6. f3 Bd7 7. Be3 Nc6 8. Qd2
e5 9. Nge2 exd4 10. Nxd4 Ne5 11. Be2 Qe7 12. O-O-O O-O-O 13. Rhe1 Rhe8 14. Kb1
Kb8 15. h3 Rc8 16. Bf1 Be6 17. Nxe6 Qxe6 18. Qe2 Ka8 19. Rd2 Nh5 20. Rd4 Nc6
21. Ra4 Bxc3 22. bxc3 Ng3 23. Qf2 Nxf1 24. Bxa7 Nd2+ 25. Qxd2 Nxa7 26. c4 Qe5
27. Ra5 Qg3 28. Re3 b6 29. Ra4 Kb8 30. Rea3 Nc6 31. Qd5 Qe1+ 32. Kb2 Na5 33.
Rxa5 Qxa5 34. Rxa5 bxa5 35. Qb5+ Ka8 36. Qxa5+ Kb8 37. Qb5+ Ka7 38. Qa5+ Kb8
39. Qb5+ Ka7 40. Qa4+ Kb6 41. Qb5+ Ka7 42. Qa5+ 42... Kb8 {
Game drawn by repetition} 1/2-1/2